000 00446pab a2200157 454500
008 180718b2003 xxu||||| |||| 00| 0 eng d
100 _aMcConnell, Allan
245 _aOverview: crisis management, influences, responses and evaluation
260 _c2003
300 _ap.393-409.
362 _aJul
650 _aGreat Britain - Politics and government
650 _aPolitics and government
773 _aParliamentary Affairs
909 _a57299
999 _c57299
_d57299